000 00508nam a22001817a 4500
005 20241210141016.0
008 241210b |||||||| |||| 00| 0 eng d
020 _a9781285432274
082 _a005.369
_bMAY-F
100 _aMayes, Timothy R.
245 _aFinancial analysis with microsoft excel /
_cTimothy R.Mayes
250 _a7th ed.
260 _aUSA:
_bCengage Learning;
_c2015.
300 _axiv, 520 p. :
_bill;
_c24 cm.
500 _ainclude index.
650 _aMicrosoft Office
999 _c36801
_d36801